000 00366nam a2200145Ia 4500
008 190923s9999||||xx |||||||||||||| ||und||
037 _c45704-04-2018
100 _aDeHaan and Robert F.
245 0 _aEducating gifted children/
250 _a2nd
260 _aChicago:
_bUniversity of Chicago Press,
_c1962
300 _ax,362
650 _aEducation
942 _cBK
999 _c11409
_d11409